000
00296nam a22000977a 4500
040
_c
HS
100
_a
ឌុក ឆេង , ហែម ផារ៉ាត
245
_a
សត្តវិទ្យា ( Zoology)
260
_a
RUA
_b
ឌុក ឆេង, ហែម ផារ៉ាត
_c
2012
942
_c
KB
999
_c
8425
_d
8425